| 000 | 00825cam a22002777a 4500 | ||
|---|---|---|---|
| 003 | OSt | ||
| 008 | 240203b |||||||| |||| 00| 0 eng d | ||
| 020 | _a9781926895246 | ||
| 020 | _a192689524X | ||
| 041 | _aeng | ||
| 082 | 0 | 4 |
_a628.4 _bUNN/SU |
| 245 | 0 | 0 | _aSustainable solid waste management / |
| 260 |
_aToronto : _bApple Academic Press, _cc2013. |
||
| 300 |
_axiv, 163 p. : _bill. ; |
||
| 650 | 0 |
_aRefuse and refuse disposal. _95782 |
|
| 650 | 0 |
_aSustainable development. _95783 |
|
| 650 | 0 |
_aWaste minimization. _95784 |
|
| 650 | 0 |
_aRecycling (Waste, etc.) _95785 |
|
| 650 | 6 |
_aDéchets _95786 |
|
| 650 | 6 |
_aDéveloppement durable. _95787 |
|
| 650 | 6 |
_aDéchets _95786 |
|
| 650 | 6 |
_aRecyclage (Déchets, etc.) _95788 |
|
| 700 | 1 |
_aRav, S. Bhupatthi. _95789 |
|
| 700 | 1 |
_aUnnisa, Syeda Azeem. _95790 |
|
| 942 | _cREF | ||
| 999 |
_c14045 _d14045 |
||